Statistics for UK Railway Stations - Far North line

Click here to take the quiz!

General Stats

  • This quiz has been taken 19 times
  • The average score is 15 of 26

Answer Stats

Answer% Correct
Inverness
100%
Thurso
100%
Wick
100%
Dingwall
89%
Lairg
78%
Beauly
67%
Forsinard
67%
Georgemas Junction
67%
Golspie
67%
Helmsdale
67%
Muir of Ord
67%
Tain
67%
Brora
56%
Conon Bridge
56%
Alness
44%
Dunrobin Castle
44%
Invergordon
44%
Altnabreac
33%
Ardgay
33%
Culrain
33%
Fearn
33%
Invershin
33%
Kildonan
33%
Kinbrace
33%
Rogart
33%
Scotscalder
33%

Score Distribution

Percentile by Number Answered

Percent of People with Each Score

Your Score History

You have not taken this quiz